| 000 | 00938nam a22002897a 4500 | ||
|---|---|---|---|
| 003 | CHAP | ||
| 005 | 20220329141013.0 | ||
| 008 | 971013s1996 r 00010 d | ||
| 010 | _a61149 | ||
| 011 | _a62121 | ||
| 035 | _a66295 | ||
| 040 | _cCHAP | ||
| 090 | _aTesis | ||
| 100 | 0 | 0 |
_aZarroca Ybarz, Diego. _9123723 |
| 245 | _aDiagnóstico del sistema agroindustrial carne de equino en México | ||
| 260 |
_aChapingo, Méx. : _bEl autor, _c1996 |
||
| 300 |
_a132 h. _b: ilus. ; gráfs. |
||
| 502 | _aTesis (Ing. Agroindustial) -- UACH. Departamento de Ingeniería Agroindustrial | ||
| 590 |
_aALEPH _b10 _c20130110 _lUCH01 _h1340 |
||
| 590 |
_aBATCH-UPD _b10 _c20130110 _lUCH01 _h0801 |
||
| 590 |
_aCONVERSION _b10 _c20130109 _lUCH01 _h1333 |
||
| 650 | 1 | 4 |
_aCarne de equino. _919153 |
| 901 | _aBK | ||
| 942 | _cFOLL | ||
| 949 |
_bBC _cTES _d-151469 _eTS1 _h29377 _i66295 _si |
||
| 949 |
_bBC _cTES _d33724000621686 _eTS2 _fc.2 _h29370 _i66295 _si |
||
| 999 |
_c61149 _d61149 |
||